Města českých vojáků ve fotografiích /

Hlavní autor: Krejsová, Milena
Další autoři: Janata, Radko, Křížová, Marie
Jazyk: Čeština
Vydáno: Praha : Vojenský historický ústav, 2019
Témata:
Externí odkaz: Digitalizovaný dokument
Fyzický popis: 371 stran : barevné ilustrace ; 26 x 29 cm
Knihy
Uloženo v:
LEADER 02061nam a2200529 i 4500
001 nkc20193164856
003 CZ PrNK
005 20221010235026.0
007 ta
008 191216s2019 xr a e 000 0 cze
015 |a cnb003164856 
020 |a 978-80-7278-782-1  |q (vázáno) :  |c neprodejné 
035 |a (OCoLC)1143817668 
040 |a OLA001  |b cze  |e rda 
043 |a e-xr--- 
072 7 |a 908(437)  |x Vlastivěda Česka a Slovenska  |2 Konspekt  |9 8 
080 |a 911.375  |2 MRF 
080 |a 355.4(091)  |2 MRF 
080 |a 908(437.3)  |2 MRF 
080 |a (437.3)  |2 MRF 
080 |a (084.12)  |2 MRF 
100 1 |a Krejsová, Milena  |4 aut 
245 1 0 |a Města českých vojáků ve fotografiích /  |c text: Milena Krejsová ; fotografie: Radko Janata, Marie Křížová 
264 1 |a Praha :  |b Vojenský historický ústav,  |c 2019 
300 |a 371 stran :  |b barevné ilustrace ;  |c 26 x 29 cm 
336 |a text  |b txt  |2 rdacontent 
336 |a statický obraz  |b sti  |2 rdacontent 
337 |a bez média  |b n  |2 rdamedia 
338 |a svazek  |b nc  |2 rdacarrier 
504 |a Obsahuje bibliografii a bibliografické odkazy 
650 0 7 |a města  |7 ph115399  |z Česko  |2 czenas 
650 0 7 |a vojenské dějiny  |7 ph269104  |z Česko  |2 czenas 
650 0 9 |a cities and towns  |z Czechia  |2 eczenas 
650 0 9 |a military history  |z Czechia  |2 eczenas 
651 7 |a Česko  |7 ge128065  |x vlastivěda  |2 czenas 
651 9 |a Czechia  |x history and geography  |2 eczenas 
655 7 |a fotografické publikace  |7 fd132276  |2 czenas 
655 9 |a photographical works  |2 eczenas 
700 1 |a Janata, Radko  |7 jx20050127011  |4 pht 
700 1 |a Křížová, Marie  |7 jx20050126017  |4 pht 
856 4 1 |u http://www.digitalniknihovna.cz/mzk/uuid/uuid:74b33a40-13d8-11ed-b440-005056827e51  |y Digitalizovaný dokument  |x NDK 
910 2 |a BOA001  |b 4-1443.139 
928 9 |a Ministerstvo obrany České republiky - Vojenský historický ústav Praha 
990 |a BK 
995 |a 01 
991 |b 202002  |c NOV 
996 6 |b 2610813762  |c 4-1443.139  |l MZK  |r Sklad / do 1 hodiny  |n 1  |p p.v.  |w 001780486  |u 000010  |a 1  |e BOA001  |j MZK50  |s P